00318 a2200109 4500001001000000005001700010008004100027245003600068100002000104773006700124999001700191ART_1258320260410161907.0260409a 10aThe meaning of Internal Balance1 aMeade, James E.0 tThe Economic Journalg- Vol. 88, NÂș 351 (set. 1978)wREV12512 c26478d26478